Mexican cities - sudden death - Statistics

General Stats
  • This quiz has been taken 284 times
  • The average score is 7 of 19
Answers on the Grid
Answers color-coded by a green-red scale on the quiz's grid according to % correct below.
Medellin
Guatemala City
Madrid
Santo Domingo
Maracaibo
Puebla
Havana
Leon
Mexicali
Veracruz
Andorra-la-Vella
El Paso
Tijuana
Calexico
Ecatepec
Antipolo
Morelia
Tuxtla Gutierrez
Acapulco
Zapopan
Nezahualcoyotl
Saltillo
Apopa
Hermosillo
Queretaro
General Escobedo
La Serena
Tlaquepaque
Xalapa
Guadalupe
Guadalajara
Monterey
 
Answer Stats
Answer % Correct
Tijuana
68%
Puebla
66%
Mexicali
65%
Veracruz
64%
Leon
48%
Acapulco
45%
Guadalajara
44%
Ecatepec
33%
Hermosillo
31%
Queretaro
28%
Zapopan
25%
Tuxtla Gutierrez
24%
Saltillo
22%
Xalapa
21%
Nezahualcoyotl
20%
Guadalupe
19%
Morelia
19%
Tlaquepaque
18%
General Escobedo
3%
No matching quizzes found
Score Distribution
Percent of People with Each Score
Percentile by Number Answered
Your Score History
You have not taken this quiz